Основы автоматизации машиностроительного производства (Запись № 495280)

Подробности
000 -МАРКЕР
контрольное поле 02136nam0a2200373 4500
001 - ИДЕНТИФИКАТОР ЗАПИСИ
контрольное поле RU\NLR\bibl\90506
005 - ИДЕНТИФИКАТОР ВЕРСИИ
контрольное поле 20260405125723.0
010 ## - МЕЖДУНАРОДНЫЙ СТАНДАРТНЫЙ НОМЕР КНИГИ (ISBN)
Номер (ISBN) 5-06-003598-0
Тираж 7000
021 ## - НОМЕР ГОСУДАРСТВЕННОЙ РЕГИСТРАЦИИ
Код страны Российская Федерация
Номер 2000-3571
Номер Листа государственной регистраци 177
035 ## - ДРУГИЕ СИСТЕМНЫЕ НОМЕРА
Идентификатор записи (NLR Aleph) 000088441
100 ## - ДАННЫЕ ОБЩЕЙ ОБРАБОТКИ
Данные общей обработки 20000606d1999 |||y0rusy50 ca
101 0# - ЯЗЫК РЕСУРСА
Язык текста, звукозаписи и т.д. русский
102 ## - СТРАНА ПУБЛИКАЦИИ ИЛИ ПРОИЗВОДСТВА
Страна публикации Российская Федерация
105 ## - ПОЛЕ КОДИРОВАННЫХ ДАННЫХ: ТЕКСТОВЫЕ МАТЕРИАЛЫ, МОНОГРАФИЧЕСКИЕ
Кодированные данные о монографическом текстовом документе a j |||||
200 1# - ЗАГЛАВИЕ И СВЕДЕНИЯ ОБ ОТВЕТСТВЕННОСТИ
Основное заглавие Основы автоматизации машиностроительного производства
Сведения, относящиеся к заглавию Учеб. для студентов машиностроит. спец. вузов
Первые сведения об ответственности [Е.Р. Ковальчук, М.Г. Косов, В.Г. Митрофанов и др.]
Последующие сведения об ответственности Под ред. чл.-кор. РАН Ю.М. Соломенцева
205 ## - СВЕДЕНИЯ ОБ ИЗДАНИИ
Сведения об издании 2-е изд., испр.
210 ## - ПУБЛИКАЦИЯ, РАСПРОСТРАНЕНИЕ И ДР.
Место издания, распространения и т.д. М.
Имя издателя, распространителя и т. д. Высш. школа
Дата издания, распространения и т.д. 1999
215 ## - ФИЗИЧЕСКАЯ ХАРАКТЕРИСТИКА
Специфическое обозначение материала и объем 311,[1] с.
Другие сведения о физической характеристике ил.
Размеры 21
225 1# - СЕРИЯ
Основное заглавие серии Серия "Технология, оборудование и автоматизация машиностроительных производств"
Сведения об ответственности Редкол.: Чл.-кор. РАН Ю.М. Соломенцев (пред.) и др.
320 ## - ПРИМЕЧАНИЯ О НАЛИЧИИ В ДОКУМЕНТЕ БИБЛИОГРАФИИ / УКАЗАТЕЛЯ
Текст примечания Библиогр.: с. 309-310 (25 назв.)
606 0# - НАИМЕНОВАНИЕ ТЕМЫ КАК ПРЕДМЕТ
Наименование темы Машиностроение
Формальный подзаголовок Руководства, пособия и т.п. для высшей школы
Тематический подзаголовок Автоматизация
Системный номер авторитетной/нормативной записи 1125353
Идентификатор авторитетной/нормативной записи RU\NLR\auth\66126776
606 0# - НАИМЕНОВАНИЕ ТЕМЫ КАК ПРЕДМЕТ
Наименование темы Машиностроение
Формальный подзаголовок Учебные издания для высшей школы
Тематический подзаголовок Автоматизация
Системный номер авторитетной/нормативной записи 1125353
Идентификатор авторитетной/нормативной записи RU\NLR\auth\66126776
686 ## - ИНДЕКСЫ ДРУГИХ КЛАССИФИКАЦИЙ
Индекс К5-5-05я73-1
701 #1 - ИМЯ ЛИЦА - АЛЬТЕРНАТИВНАЯ ОТВЕТСТВЕННОСТЬ
Начальный элемент ввода Ковальчук
Часть имени, кроме начального элемента ввода Е. Р.
Расширение инициалов личного имени Евгений Ромуальдович
Код отношения Автор
701 #1 - ИМЯ ЛИЦА - АЛЬТЕРНАТИВНАЯ ОТВЕТСТВЕННОСТЬ
Код отношения Автор
Материалы, к которым относится поле rus
Графика поля Кириллица
Начальный элемент ввода Косов
Часть имени, кроме начального элемента ввода М. Г.
Расширение инициалов личного имени Михаил Георгиевич
Идентификатор авторитетной/нормативной записи RU\NLR\auth\7750991
Системный номер авторитетной/нормативной записи 33925
701 #1 - ИМЯ ЛИЦА - АЛЬТЕРНАТИВНАЯ ОТВЕТСТВЕННОСТЬ
Код отношения Автор
Материалы, к которым относится поле rus
Графика поля Кириллица
Начальный элемент ввода Митрофанов
Часть имени, кроме начального элемента ввода В. Г.
Расширение инициалов личного имени Владимир Георгиевич
Идентификатор авторитетной/нормативной записи RU\NLR\auth\7750993
Системный номер авторитетной/нормативной записи 33927
702 #1 - ИМЯ ЛИЦА - ВТОРИЧНАЯ ОТВЕТСТВЕННОСТЬ
Начальный элемент ввода Соломенцев
Часть имени, кроме начального элемента ввода Ю. М.
Код отношения Редактор
801 #0 - ИСТОЧНИК ЗАПИСИ
Страна Российская Федерация
Организация NLR
Дата составления 20000606
Правила каталогизации PSBO
801 #1 - ИСТОЧНИК ЗАПИСИ
Страна Российская Федерация
Организация NLR
Дата составления 20000606
852 ## - МЕСТОНАХОЖДЕНИЕ И ШИФР ХРАНЕНИЯ
Идентификатор организации NLR
Шифр хранения (Call Number) 2000-3/4201
942 ## - ДОПОЛНИТЕЛЬНЫЕ ЭЛЕМЕНТЫ ЗАПИСИ (АБИС)
Тип экземпляра АБИС Книга
980 ## - КОЛЛЕКЦИЯ
Название коллекции Национальная библиография
Экземпляры
Тип экземпляра Дата поступления Источник поступления Стоимость Библиотека постоянного хранения Библиотека текущего хранения Место хранения Шифр хранения Штрих-код Статус экземпляра
Книга 26.08.2004 Подсобные фонды РНБ   РНБ (Московский) РНБ (Московский) Фонд общего зала литературы по технике Т1 К5/О-753 1-462836  
Книга 06.06.2000 Обязательный экземпляр   РНБ (Московский) РНБ (Московский) Русский книжный фонд: издания с 1957 года 2000-3/4201 38949  
Книга 06.06.2000 Обязательный экземпляр   РНБ (Московский) РНБ (Московский) Русский книжный фонд: издания с 1957 года 2000-3/4201 38950  
Книга 18.11.2004 Подсобные фонды РНБ   РНБ (Садовая) РНБ (Садовая) Макулатура   795705  
Книга 07.04.2003 Покупка СТ 73.02 РНБ (Фонтанка) РНБ (Фонтанка) Юношеский читальный зал Ю К4-9/О-75 1-349094